000 00307nam a2200109Ia 4500
008 171211s9999 xx 000 0 und d
245 _aDrupal 6 Panels Cookbook
245 _cBhavin Patel
260 _c2010
650 _xIT eBOOKS
856 _uhttp://down.ebook777.com/020/Drupal%206%20Panels%20Cookbook.pdf
999 _c349835
_d349835